000 00409nam a22001817a 4500
003 MPLRDC
005 20220104124109.0
008 210129b ||||| |||| 00| 0 eng d
082 _a868.71 YJ
100 _a一介
245 _a笔端
_c
250 _a初版
260 _a
_b长青贸易公司
_c1982
300 _b
490 _a世纪文丛. 7
650 _a马华文学
942 _cBK
_o868.71 YJ
999 _c16624
_d16614